Which city in the UK? - Statistics

General Stats
  • This quiz has been taken 47 times
  • The average score is 21 of 25
Answer Stats
Hint Letter City % Correct
2) Home city of the Peaky Blinders gang B Birmingham
100%
3) Largest city in Scotland G Glasgow
100%
1) Capital and largest city L London
100%
7) 3nd largest and a historictextile city M Manchester
100%
12) Capital of Wales C Cardiff
98%
10) The Beatles originated here L Liverpool
98%
17) Home to Englands oldest university O Oxford
98%
9) Capital of Scotland E Edinburgh
95%
15) Unofficial capital of the Scottish Highlands I Inverness
95%
8) Historic walled city constructed bythe Romans Y York
95%
6) This city is known for its stunningwhite cliffs D Dover
93%
18) Largest city in Yorkshire on the south bankof the river Aire L Leeds
93%
11) Cathedral city on the river Tynes'northern bank N Newcastle
91%
20) Port city in northeast Scotland where theriver Don meets the North Sea A Aberdeen
86%
5) The Titanic was constructed inthis city B Belfast
86%
14) The Mayflower pilgrims embarkedfrom this city and named their settlement after it P Plymouth
86%
21) 2nd biggest city in Wales S Swansea
82%
25) Ancient city on the river Exe in southeasternEngland E Exeter
77%
16) Medieval city and principal city of Norfolkcounty N Norwich
77%
13) Historic maritime city on the riverAvon in SW England B Bristol
75%
24) Coastal Scottish city on the Firth of Tay D Dundee
73%
4) Capital of the Isle of Man D Douglas
68%
23) The game of golf was invented in this Scottish city and home to the oldest course S St Andrews
64%
22) Capital of Jersey S St Helier
39%
19) Largest town on the Isle of Skye P Portree
25%
No matching quizzes found
Score Distribution
Percent of People with Each Score
Percentile by Number Answered
Your Score History
You have not taken this quiz